Statistics for Chris Stapleton Charting Songs (Billboard Hot Country)

Click here to take the quiz!

General Stats

  • This quiz has been taken 6 times
  • The average score is 6 of 24

Answer Stats

AlbumWeeks OnPeakArtist(s)Song% Correct
Traveller27 Weeks#1Chris StapletonTennessee Whiskey
100%
Traveller20 Weeks#25Chris StapletonFire Away
75%
Starting Over32 Weeks#1Chris StapletonStarting Over
50%
Starting Over2 Weeks#24Chris StapletonYou Should Probably Leave
50%
From A Room: Volume 21 Week#43Chris StapletonMidnight Train to Memphis
50%
Starting Over1 Week#50Chris StapletonMaggie's Song
50%
Traveller19 Weeks#17Chris StapletonTraveller
25%
From a Room, Volume 261 Weeks#4Chris StapletonMillionaire
25%
From a Room, Volume 21 Week#47Chris StapletonScarecrow in the Garden
25%
Starting Over1 Week#45Chris StapletonJoy of My Life
25%
Traveller1 Week#45Chris StapletonOutlaw State of Mind
25%
From a Room, Volume 12 Weeks#41Chris StapletonI Was Wrong
25%
From a Room, Volume 153 Weeks#5Chris StapletonBroken Halos
25%
Starting Over2 Weeks#31Chris StapletonCold
25%
Traveller40 Weeks#12Chris StapletonParachute
25%
Traveller12 Weeks#35Chris StapletonWhiskey and You
25%
From a Room, Volume 12 Weeks#37Chris StapletonLast Thing I Needed, First Thing This Morning
0%
From a Room, Volume 12 Weeks#37Chris StapletonSecond One to Know
0%
From a Room, Volume 111 Weeks#17Chris StapletonEither Way
0%
Dangerous: The Double Album4 Weeks#32Morgan Wallen ft. Chris StapletonOnly Thing That's Gone
0%
Traveller1 Week#44Chris StapletonMight as Well Get Stoned
0%
From a Room, Volume 22 Weeks#45Chris StapletonTryin' to Untangle My Mind
0%
Starting Over1 Week#46Chris StapletonDevil Always Made Me Think Twice
0%
Traveller25 Weeks#13Chris StapletonNobody to Blame
0%

Score Distribution

Percentile by Number Answered

Percent of People with Each Score

Your Score History

You have not taken this quiz